00549nam a22001697a 450000500170000001000130001702000140003003500110004403700160005508200080007110000330007924500610011224600570017326000490023027000770027930000230035620200222113356.0 aUR-10708 c100.00a- aU-9263 bDBAD/PUBa- a841 aTranlated by Kausar Siddiqui aا شک کر بلا cمتر جم:کو ثر صد يقی  bAshk-e-Karbala (Urdu)aTranslated by Kausar Siddiqui aDelhibEducational Publishing housec2019 ء a3191,Vakil Street,Kucha Pandit,Lal Kuan,bDelhie11000609926404171k-l- a120 ص c22 Cm(Hb)